000 01133naa a22003017a 4500
001 BR9607833
003 BR-BrBNA
005 20240918181558.0
007 ta
008 230509b bl.||||| |||| 00| 0 por d
040 _aBR-BrBNA
_bpor
_cBiblioteca Nacional de Agricultura
041 _a(Pt)
072 _aQ04
_b9430
090 _aQ04 BR9607833
100 1 _aFurtado, M.M.
100 1 _aPartridge, J.A.
100 1 _aUstunol, Z.
111 1 _a13. Congresso Nacional de Laticinios
_cJuiz de Fora, MG (Brazil)
_d17-21 Jul 1995
245 1 _aO uso de Lactobacillus casei L2A como cultura adjunta e seus efeitos sobre flavor e textura de queijo cheddar com baixo teor de gordura
260 3 _aJuiz de Fora, MG (Brasil):
_c1995.
500 _aAnais do 13. Congresso Nacional de Laticinios Juiz de Fora, MG (Brasil): 1995. p. 31-40 (BR9607833-AM)Q04
650 _aQueijo
650 _aAnalise Quimica
650 _aAnalise Organoleptica
773 0 _tAnais do 13. Congresso Nacional de Laticinios
_wQ04 BR9607833
_gJuiz de Fora, MG (Brasil), 1995. p. 31-40
909 _a202404
_bLucia
_c55
_dLucia Elande
942 _cAM
_2AGRIS
999 _c325921
_d325921